000 00313nam a22001337a 4500
008 210322b ||||| |||| 00| 0 eng d
041 _aeng
080 _25th
_a541
082 _a541
100 _a12
101 _aKIM
245 _aCollege Chemistry with Qualitative Analysis
_cNebergall, W. H
942 _2udc
_cBK
999 _c56653
_d56653